000 01350nam a2200181 4500
999 _c3359
_d3359
020 _a97800771269333
020 _a0077126939
050 _aHD31
_b.Sm5
100 _aSmith, Mike
245 _aFundamentals of management /
_cMike Smith
250 _a2nd
260 _aLondon
_bMcGraw-Hill
_c2011
300 _axxv, 557p. :
_bill.
_c24cm
500 _aIncludes bibliographical references and index
505 _aPart 1. What is Management Chapter 1. Defining Management Chapter 2. The Organisational Context Chapter 3. The Historical Context Part 2. Management Processes Chapter 4. Planning and Strategy Chapter 5. Organisational Structures and Teamwork Chapter 6. Organisational Change Chapter 7. Staffing - Selecting, Developing and Motivating People Chapter 8. Leading and Leadership Chapter 9. Decision-making Chapter 10. Controlling Chapter 11. Reporting and Communicating Chapter 12. Budgeting Part 3. Management Functions Chapter 13. Introduction to Management Functions Chapter 14. Marketing Chapter 15. Operations Chapter 16. Human Resource Management Chapter 17. Finance and Accounting Chapter 18. Information Management Part 4. Personal Perspectives on Management Chapter 19. Social Responsibility and Business Ethics Chapter 20. Management Fads, Gurus and Research
650 _aManagement
942 _cBK